000 nam a22 7a 4500
999 _c7399
_d7399
008 170825b xxu||||| |||| 00| 0 eng d
100 _93933
_aROBERTS
245 _aASHES TO GOLD
260 _aUSA
_b A JOVE BOOK
_c1985